Almost Useless Trivia XVI Quiz Stats

 Plays Quiz Updated Aug 22, 2017

Support Sporcle.
Go Orange.
Score 0/30 Timer 04:00
2 Plays Today
Trivia Question Answer % Correct
What American automaker, specializing in electric cars, was founded by Elon Musk in 2003?Tesla, Inc.
80.8%
Which corporation has a logo that is called the 'swoosh'?Nike
80.1%
What chemical element makes up 75% of an American quarter but only 2% of an American penny?copper
77.2%
Which 1979 Canadian board game featured 6 categories of questions and wedges players earned for correct answers?Trivial Pursuit
76.3%
What 1953 Disney cartoon features Mr. Smee and Wendy Darling?Peter Pan
76.2%
What American city is the only one to host the Summer Olympics twice?Los Angeles
74.8%
What is the capital city of Brazil?Brasília
70.1%
Which 2013 Netflix show takes place at Litchfield Penitentiary?Orange is the New Black
70.1%
What type of stone appears in the first Harry Potter book title?Sorcerer's
70%
What does the letter B stand for in the diving acronym SCUBA?breathing
69.3%
What celebration and holiday comes from the French for 'fat Tuesday?'Mardi Gras
66.6%
In what language would 'elf' minus 'vier' be 'sieben'?German
65.1%
What actor has played Willy Wonka, Jack Sparrow, and Sweeney Todd?Johnny Depp
64.9%
What pop star has had #1 Billboard hits with 'What Do You Mean?,' 'Sorry,' and 'Love Yourself?'Justin Bieber
63.3%
What Southeast Asian country uses the dong as its currency?Vietnam
63%
Trivia Question Answer % Correct
Which band was made up of Kurt Cobain, Krist Novoselic, and Dave Grohl?Nirvana
61.9%
What is the name of either landlocked country sandwiched between India and China?Bhutan and Nepal
60.8%
What DC superhero, who debuted in 1941, has the secret identity Diana Prince?Wonder Woman
58%
What 5-time Ballon d'Or winner from Argentina has played for Barcelona since 2003?Lionel Messi
56.3%
Which US state has its capital in Charleston?West Virginia
51.6%
Who is the Greek goddess of wisdom?Athena
50.9%
What US Vice President is also the plural term for one-hundredth of a pound sterling?(Mike) Pence
50.2%
What 2017 Best Picture winner shares its name with a famous Beethoven sonata?Moonlight
50%
How many ounces are in a US quart?thirty-two
42.7%
What modern brass instrument is most closely related to the sackbut?trombone
35%
What famed American monument has the poem 'The New Colossus' on its pedestal?The Statue of Liberty
32.7%
What is the name of any Prime Minister of the UK with a 3-letter last name?Theresa May
32%
Which Shakespearean play features Portia, Shylock, and Antonio?The Merchant of Venice
31.7%
Which video game series has a female protagonist named Samus Aran?Metroid
20.8%
What political comic strip has been drawn by Garry Trudeau since 1970?Doonesbury
13.9%

You're not logged in!

Compare scores with friends on all Sporcle quizzes.
OR
Log In

From the Vault

Movie by Two Actors

by BigAl1994

Sometimes, it takes more than one person to save the galaxy.
Remove Ads.
Support Sporcle.
Get the best of Sporcle when you Go Orange. This ad-free experience offers more features, more stats, and more fun while also helping to support Sporcle. Thank you for becoming a member.

Show Comments

Extras

Top Quizzes Today


Score Distribution

Your Account Isn't Verified!

In order to create a playlist on Sporcle, you need to verify the email address you used during registration. Go to your Sporcle Settings to finish the process.

Report this User

Report this user for behavior that violates our Community Guidelines.

Details: